[Event "SVK-ch U14"]
[White "Synak, Kamil"]
[Black "Milany, Levente"]
[Site "Lubovna"]
[Round "2"]
[Result "0-1"]
[Date "2013.04.07"]
[WhiteElo "1000"]
[BlackElo "1288"]
[PlyCount "79"]
[EventDate "2013.04.06"]
[EventType "swiss"]
[EventRounds "9"]
[EventCountry "SVK"]
[SourceTitle "CBM 153 Extra"]
[Source "ChessBase"]
[SourceDate "2013.04.22"]
[SourceVersion "1"]
[SourceVersionDate "2013.04.22"]
[SourceQuality "1"]

1. e4 e5 2. Nf3 Nc6 3. Bb5 Bc5 4. 0-0 d6 5. d3 a6 6. Bc4 Nf6 7. Bg5 h6 8. Bh4 g5 9. Bg3 Bg4 10. h3 Bh5 11. h4 Nd4 12. Nbd2 Qd7 13. c3 Nxf3+ 14. Nxf3 Bg4 15. d4 Bb6 16. Re1 0-0-0 17. dxe5 Nh5 18. exd6 Nxg3 19. Qd3 f6 20. e5 Rhe8 21. exf6 Bf5 22. Qd5 Ne4 23. f7 Bxf2+ 24. Kf1 Bxe1 25. fxe8Q Rxe8 26. Nxe1 Nxd6 27. Bxa6 c6 28. Qa5 bxa6 29. Qxa6+ Qb7 30. Qa3 Ne4 31. hxg5 hxg5 32. Nf3 g4 33. Nd4 Nd2+ 34. Kf2 g3+ 35. Kxg3 Qc7+ 36. Kf2 Qf4+ 37. Nf3 Ne4+ 38. Ke2 Ng3+ 39. Kd1 Rd8+ 40. Ke1 0-1

[Event "SVK-ch U14"]
[White "Joba, Arpad"]
[Black "Synak, Kamil"]
[Site "Lubovna"]
[Round "1"]
[Result "1-0"]
[Date "2013.04.06"]
[WhiteElo "1682"]
[BlackElo "1000"]
[PlyCount "37"]
[EventDate "2013.04.06"]
[EventType "swiss"]
[EventRounds "9"]
[EventCountry "SVK"]
[SourceTitle "CBM 153 Extra"]
[Source "ChessBase"]
[SourceDate "2013.04.22"]
[SourceVersion "1"]
[SourceVersionDate "2013.04.22"]
[SourceQuality "1"]

1. e4 e5 2. Nf3 Nc6 3. d4 exd4 4. Bc4 Bb4+ 5. c3 dxc3 6. 0-0 cxb2 7. Bxb2 Nf6 8. e5 Ng4 9. e6 f6 10. h3 Nge5 11. Nxe5 Nxe5 12. Bxe5 fxe5 13. Qh5+ Ke7 14. Qf7+ Kd6 15. e7 Qe8 16. Rd1+ Bd2 17. Rxd2+ Kc5 18. Qd5+ Kb4 19. Qb5# 1-0